Výběr informací z organizační a výpočetní techniky
Uložené v:
| Médium: | Seriál |
|---|---|
| Vydavateľské údaje: |
1982
|
| Tagy: |
Žiadne tagy, Buďte prvý, kto otaguje tento záznam!
|
MARC
| LEADER | 00000nas a22000003a 4500 | ||
|---|---|---|---|
| 001 | stu77533 | ||
| 005 | 20141122002719.3 | ||
| 008 | 021007s1982----------------------------d | ||
| 040 | |a STU |b slo | ||
| 041 | 0 | ||
| 245 | |a Výběr informací z organizační a výpočetní techniky | ||
| 260 | |c 1982 | ||
| 500 | |a 6 | ||
| 500 | |a 1-6 | ||
| 773 | 0 | |t Výběr informací z organizační a výpočetní techniky |w stu_us_cat*stu77522 |7 nnas | |
| 996 | |d Roč. 16, 1982 |v Roč. 16 |y 1982 |l II680 |s A |a 24 |w stu77533_0001 | ||